[Event "CRO-chT3 Center-A"]
[Site "Zagreb"]
[Date "2011.04.03"]
[Round "5.63"]
[White "Maravic, Stjepan"]
[Black "Mandl, Nino"]
[Result "1-0"]
[WhiteElo "2172"]
[BlackElo "2111"]
[PlyCount "49"]
[EventDate "2011.03.13"]
[EventType "team-tourn"]
[EventRounds "11"]
[EventCountry "CRO"]
[SourceTitle "EXT 2014"]
[Source "ChessBase"]
[SourceDate "2013.11.20"]
[SourceVersion "1"]
[SourceVersionDate "2013.11.20"]
[SourceQuality "1"]

1. d4 Nf6 2. Nf3 g6 3. Bf4 Bg7 4. e3 d6 5. Be2 Nbd7 6. 0-0 0-0 7. c4 c5 8. Nc3 b6 9. d5 Nh5 10. Bg5 h6 11. Bh4 g5 12. Nd2 Nhf6 13. Bg3 Ne5 14. f4 Neg4 15. Rf3 Nh5 16. h3 Nxg3 17. hxg4 Nxe2+ 18. Nxe2 Bxg4 19. Rg3 Bxe2 20. Qxe2 Bxb2 21. Rb1 Bf6 22. Qh5 e5 23. fxg5 Bxg5 24. Qxh6 f6 25. Qg6+ 1-0

[Event "CRO-chT3A Center"]
[Site "Zagreb"]
[Date "2010.11.07"]
[Round "10.64"]
[White "Mandl, Nino"]
[Black "Alicajic, Bajro"]
[Result "1-0"]
[WhiteElo "2088"]
[BlackElo "1820"]
[PlyCount "47"]
[EventDate "2010.03.21"]
[EventType "team-tourn"]
[EventRounds "11"]
[EventCountry "CRO"]
[SourceTitle "EXT 2012"]
[Source "ChessBase"]
[SourceDate "2011.11.24"]
[SourceVersion "1"]
[SourceVersionDate "2011.11.24"]
[SourceQuality "1"]

1. e4 e5 2. Nf3 Nf6 3. Nc3 d6 4. d4 exd4 5. Nxd4 a6 6. a4 Be7 7. Be2 Bd7 8. 0-0 Nc6 9. Be3 0-0 10. f4 Qc8 11. h3 Re8 12. Bd3 Nb4 13. Bc4 Bf8 14. e5 dxe5 15. fxe5 Rxe5 16. Bf4 Re8 17. Bg5 Be7 18. Bxf6 Bxf6 19. Rxf6 gxf6 20. Qh5 Be6 21. Nf5 Kh8 22. Qh6 Bxf5 23. Qxf6+ Kg8 24. Qxf7+ 1-0

[Event "Zagreb op-B"]
[Site "Zagreb"]
[Date "2009.03.22"]
[Round "2"]
[White "Plenca, Julian"]
[Black "Mandl, Nino"]
[Result "1-0"]
[WhiteElo "2248"]
[BlackElo "2077"]
[PlyCount "63"]
[EventDate "2009.03.21"]
[EventType "swiss"]
[EventRounds "9"]
[EventCountry "CRO"]
[SourceTitle "CBM 129 Extra"]
[Source "ChessBase"]
[SourceDate "2009.05.05"]
[SourceVersion "2"]
[SourceVersionDate "2009.05.20"]
[SourceQuality "1"]

1. e4 c5 2. Nf3 e6 3. d4 cxd4 4. Nxd4 Nc6 5. Nc3 Qc7 6. Be3 Nf6 7. Bd3 a6 8. Nxc6 Qxc6 9. Qe2 d6 10. 0-0 Be7 11. Nb5 e5 12. Na7 Qc7 13. Nxc8 Rxc8 14. c4 0-0 15. b4 Nd7 16. Rab1 b6 17. g3 Ra8 18. Rfc1 a5 19. a3 axb4 20. axb4 Ra3 21. Ra1 Rfa8 22. Qb2 Qa7 23. Rxa3 Qxa3 24. Qxa3 Rxa3 25. Bf1 Bd8 26. Rd1 Bc7 27. Bh3 Nf8 28. Rc1 Rb3 29. Ra1 Rxb4 30. Bf1 Ne6 31. Ra8+ Nd8 32. Rc8 1-0